|
|
|
|
| LEADER |
01132nam a22002892a 4500 |
| 001 |
001259037 |
| 003 |
CZ BrMZK |
| 005 |
20160810150747.0 |
| 007 |
ta |
| 008 |
121019s1974 xr er 000 0 cze d |
| 015 |
|
|
|a cnb000463908
|
| 035 |
|
|
|a (OCoLC)42125892
|
| 040 |
|
|
|a BOA001
|b cze
|
| 100 |
1 |
|
|a Průša, Ivan,
|d 1940-2000
|7 jk01101458
|4 aut
|
| 245 |
1 |
0 |
|a Výběr ze zákonů ČSSR /
|c připravil Ivan Průša
|
| 250 |
|
|
|a 1. vyd.
|
| 260 |
|
|
|a Praha :
|b Státní pedagogické nakladatelství,
|c 1974
|
| 300 |
|
|
|a 117 s.
|
| 490 |
1 |
|
|a Prameny a dokumenty k Občanské nauce na školách 2. cyklu
|
| 830 |
|
0 |
|a Prameny a dokumenty k občanské nauce na školách 2. cyklu
|0 s
|
| 856 |
4 |
1 |
|u http://www.digitalniknihovna.cz/mzk/uuid/uuid:238bdd10-5a48-11e2-865f-005056822549
|y Digitalizovaný dokument
|x NDK
|
| 910 |
|
|
|a BOA001
|b 2-0717.921
|b PK-0071.132
|
| 920 |
|
|
|a 000392619
|
| 990 |
|
|
|a BK
|
| 991 |
|
|
|b 201210
|
| 996 |
6 |
|
|b 2619655058
|c 2-0717.921
|l Sklad H1
|r Sklad / do 24 hodin
|n 0
|h HS212
|w 001293077
|u 000010
|a 1
|e BOA001
|j MZK50
|s P
|
| 996 |
7 |
|
|b 3119817115
|c PK-0071.132
|l MZK
|r Sklad / do 1 hodiny
|n 0
|w 001293077
|u 000020
|a 1
|e BOA001
|j MZK50
|s A
|